[Event "BCF-ch 89th"]
[Site "Torquay"]
[Date "2002.08.07"]
[Round "9"]
[White "Speelman, Jonathan S"]
[Black "Koneru, Humpy"]
[Result "1-0"]
[WhiteElo "2583"]
[BlackElo "2473"]
[Annotator "McShane,L"]
[PlyCount "51"]
[EventDate "2002.07.29"]
[EventType "swiss"]
[EventRounds "11"]
[EventCountry "ENG"]
[SourceTitle "CBM 091"]
[Source "ChessBase"]
[SourceDate "2002.11.12"]
[SourceVersion "1"]
[SourceVersionDate "2002.11.12"]
[SourceQuality "1"]

1. Nf3 d5 2. c4 d4 3. g3 Nc6 4. Bg2 e5 5. d3 Nf6 6. O-O a5 7. e3 Be7 8. exd4
exd4 9. Na3 O-O (9... Bxa3 10. bxa3 {[%csl Gb1][%cal Ya1b1,Yb1b7] is nothing
to worry about for White, as the half open b-file is beneficial.}) ({On the
other hand,} 9... Nd7 {[%csl Gc5][%cal Yd7c5] followed by ...Nc5 looks better
than the passive 10...Ne8.}) 10. Nb5 Ne8 ({Now unfortunately} 10... Nd7 {
runs into} 11. Bf4 {[%csl Rc7] targetting the c7 pawn.}) 11. Re1 {[%csl Gb5,
Rd4,Ge1,Re8,Gf3] Despite Black's nominal space advantage White stands much
better. All White's pieces are or will be actively placed, and Black's pieces
soon end up defending the weaknesses on c7 and d4.} Be6 12. b3 Bf6 13. Bb2 g6
14. Qd2 {[%cal Yd2f4] Possibly intending Qd2-f4 to gang up on the d4 pawn.} Bf5
15. h3 (15. Qf4 Nb4 {now causes a problem with forks on d3.}) 15... h5 16. Ba3
Nb4 17. Nbxd4 $5 (17. Bxb4 $2 axb4 18. Qxb4 c6 19. Na3 {[%csl Ra3,Rb4] is a
bad idea, as White's knight has been forced back and Black has relieved a lot
of the pressure. Instead Speelman sacrifices a piece to get at the dark
squares around the Black king.}) 17... Bxd4 18. Nxd4 Qxd4 19. Bb2 {[%csl Gb2,
Rg8][%cal Yb2h8] This bishop is extremely strong and White has full
compensation for the piece.} Qd6 20. Qh6 Nf6 $2 (20... f6 {[%cal Yb2f6] was a
much better try, but White will certainly win material back, e.g.} 21. a3 Nc2
22. Bd5+ Rf7 23. g4 $1 hxg4 24. hxg4 Bxd3 25. Red1 c6 26. Bxf7+ Kxf7 27. Qh3 {
and White maintains the initiative.}) 21. c5 $1 {[%csl Rf6]} Qd8 22. Re5 $1 {
[%cal Ye5f5] Threatening Re5xf5!} Qd7 $6 {after this move Black just loses,
but the alternatives were not much better.} ({If} 22... Nxd3 23. Rd1 $1 {
[%cal Yd1d8] With the d3 knight pinned, White maintains the threat of Re5xf5.}
Nxb2 24. Rxd8 Raxd8 25. Rxf5) (22... Bd7 23. Rxh5 $3 {[%csl Gb2,Rg8,Gh5,Gh6]
[%cal Yb2h8] also wins.}) 23. Be4 $6 {White still wins easily after this move,
but} (23. Re8 $1 {[%csl Ge8,Rf6]} Raxe8 24. Bxf6 {[%csl Gf6,Rg8,Gh6] would
have been a more brutal finish.}) 23... Ra6 24. Rxf5 $1 gxf5 25. Qg5+ Kh8 26.
Bxf5 {[%cal Yg5h6] Now the threat of 27.Qh6+ Kg8 28.Bxf6 Rxf6 29.Qh7 mate is
decisive.} 1-0

[Event "FIDE World Cup"]
[Site "Khanty-Mansiysk"]
[Date "2005.11.29"]
[Round "1.7"]
[White "Zvjaginsev, Vadim"]
[Black "Shulman, Yuri"]
[Result "1/2-1/2"]
[WhiteElo "2659"]
[BlackElo "2565"]
[Annotator "Mueller,Karsten"]
[PlyCount "165"]
[EventDate "2005.11.27"]
[EventType "k.o."]
[EventRounds "7"]
[EventCountry "RUS"]
[SourceTitle "CBM 111"]
[Source "ChessBase"]
[SourceDate "2006.04.04"]
[SourceVersion "1"]
[SourceVersionDate "2006.04.04"]
[SourceQuality "1"]

1. Nf3 d5 2. c4 d4 3. g3 c5 4. e3 Nc6 5. exd4 cxd4 6. Bg2 e5 7. O-O Bd6 8. d3
Nge7 9. Na3 O-O 10. Nc2 Ng6 11. Rb1 a5 12. b3 Nb4 13. a3 Nxc2 14. Qxc2 Bd7 15.
Ng5 Bc6 16. Qe2 Bxg2 17. Kxg2 h6 18. Ne4 f5 19. Nd2 Qd7 20. f3 Rae8 21. Bb2 Qc6
22. Kg1 Bc5 23. Qg2 Qd6 24. Ra1 Kh7 25. Kh1 Qc6 26. Rae1 Qd6 27. Ra1 Qc6 28.
Rfe1 Be7 29. Nf1 Bd6 30. Re2 Bc5 31. Nd2 Qd6 32. Qh3 Qc6 33. Kg1 e4 34. fxe4
Ne5 35. g4 fxg4 36. Qg3 Bd6 37. Kh1 Nxc4 38. Qxg4 Nxb2 39. Rg1 Be5 40. Nf3 Qf6
41. Nxe5 Rxe5 42. Rf2 Qe7 43. Qg6+ Kg8 44. Rxb2 Re6 45. Qg4 Re5 46. Qh3 Rg5 47.
Rbg2 Rxg2 48. Qxg2 Rf7 49. a4 Qf6 50. Rc1 Qf3 51. Qxf3 Rxf3 52. Rd1 Rf2 53. Rc1
Rd2 54. Rc7 Rxd3 55. Rxb7 Re3 56. Rd7 Rxe4 57. Kg2 Re3 58. Rxd4 Rxb3 59. Rd5
Rb4 60. Rxa5 Kh7 61. Kf2 Rb2+ 62. Kg3 Kg6 63. Ra6+ Kh5 64. Ra5+ g5 65. Rb5 Ra2
66. a5 Ra3+ 67. Kf2 Kh4 68. Kg2 h5 69. Rc5 g4 70. Rb5 Ra2+ 71. Kg1 Ra1+ 72. Kg2
Ra2+ 73. Kg1 Ra1+ 74. Kg2 Ra2+ 75. Kf1 $4 {[%mdl 8192]} (75. Kg1 $11) 75...
Rxh2 $19 76. a6 Ra2 77. Rb6 Kg3 78. Rc6 h4 79. Rh6 h3 80. Ke1 h2 81. Kd1 Ra1+
82. Kc2 Rg1 {Hier stimmt vermutlich etwas mit der Notation nicht, denn Schwarz
kann auf viele Arten leicht gewinnen:} (82... h1=Q $19) (82... Rxa6 $19) 83.
Kb3 {[%cal Gh2h1]} 1/2-1/2

[Event "Buenos Aires Najdorf"]
[Site "Buenos Aires"]
[Date "1996.??.??"]
[Round "2"]
[White "Spangenberg, Hugo"]
[Black "Granda Zuniga, Julio E"]
[Result "0-1"]
[WhiteElo "2505"]
[BlackElo "2600"]
[Annotator "Petursson,M"]
[PlyCount "34"]
[EventDate "1996.04.??"]
[EventType "tourn"]
[EventRounds "9"]
[EventCountry "ARG"]
[EventCategory "13"]
[SourceTitle "CBM 053"]
[Source "ChessBase"]
[SourceDate "1996.08.01"]
[SourceVersion "1"]
[SourceVersionDate "1996.08.01"]
[SourceQuality "1"]

1. Nf3 d5 2. c4 d4 3. b4 e6 4. Bb2 c5 5. g3 Nh6 6. Ne5 Qc7 7. Qa4+ Nd7 8. Nd3
b5 9. Qxb5 Bb7 10. Rg1 cxb4 11. Ne5 Rd8 12. Nxd7 Rxd7 13. Bxd4 a6 14. Qe5 Qxc4
15. Bb2 Be7 $1 16. Qb8+ (16. Qxg7 Rg8 17. Qxh6 (17. Qe5 Qc2 18. Bh3 Rd5 19.
Qb8+ Bd8 $19) (17. Qxh7 Be4 18. Qxh6 Qc2 $19) 17... Qc2 $19) 16... Rd8 17. Qxb7
Qc2 0-1

[Event "GRE-chT 40th"]
[Site "Achaia"]
[Date "2012.07.04"]
[Round "6.2"]
[White "Kempinski, Robert"]
[Black "Postny, Evgeny"]
[Result "0-1"]
[WhiteElo "2606"]
[BlackElo "2651"]
[Annotator "Postny,E"]
[PlyCount "100"]
[EventDate "2012.06.30"]
[EventType "team-swiss"]
[EventRounds "7"]
[EventCountry "GRE"]
[SourceTitle "CBM 149 Extra"]
[Source "ChessBase"]
[SourceDate "2012.08.24"]
[SourceVersion "1"]
[SourceVersionDate "2012.08.24"]
[SourceQuality "1"]
[WhiteTeam "Nice Fysiolatris"]
[BlackTeam "Heraklion CN"]
[WhiteTeamCountry "GRE"]
[BlackTeamCountry "GRE"]

1. Nf3 d5 2. c4 d4 {Somewhere near here both players were already out of their
preparation.} 3. b4 {White is playing a sort of BlumenfeldVariation with
reversed colours and an extra move.} f6 {An ambitious line. Black is seizing
space in the centre at the coste of delaying his development.} 4. e3 e5 5. Qb3
{Recently the continuation 5.c5, opening the dangerous diagonal a2-g8, is more
common on grandmaster level. The resulting positions are unusual and really
messy.} (5. c5 a5 (5... d3 $6 6. Qb3 e4 7. Nd4 Nc6 8. Nxc6 bxc6 9. f3 f5 10.
fxe4 fxe4 11. Nc3 Nf6 12. g3 $14 {1/2-1/2 Savanovic,A (2428)-Rodshtein,M (2650)
/Budva 2009/CBM 130 (47)}) 6. Bb5+ (6. Bc4 dxe3 7. fxe3 axb4 8. d4 Nc6 9. O-O
Na5 (9... Nh6 $5 $13) 10. Nxe5 Nxc4 11. Nxc4 Be6 12. Nbd2 Ne7 13. Bb2 Nd5 14.
Qf3 b5 15. cxb6 Nxb6 16. Nxb6 cxb6 17. Qc6+ Bd7 18. Qd5 Be7 19. Nc4 b5 $2 20.
Ne5 $1 $18 {1-0 Kramnik,V (2772)-Aronian,L (2786)/Moscow 2009/EXT 2010 (33)})
6... c6 7. Bc4 Ne7 8. O-O axb4 9. Bb2 Na6 (9... dxe3 10. fxe3 Nf5 $13) 10. exd4
exd4 11. Re1 Nxc5 12. Nxd4 Qd6 13. a3 Na4 14. Qb3 Nxb2 15. Qxb2 Kd8 16. axb4
Rxa1 17. Qxa1 Qxb4 18. Be6 $40 {0-1 Berczes,D (2560)-Prusikin,M (2545)/Austria
2012/CB03_2012 (54)}) 5... c5 {Now I think Black should be fine.} 6. bxc5 Nc6 (
6... Bxc5 $6 7. exd4 exd4 8. Ba3 Qe7+ 9. Be2 Nc6 10. O-O Nh6 11. Bxc5 Qxc5 12.
Na3 (12. Qb5 $1 $14) 12... O-O 13. Nc2 Bf5 $11 {1/2-1/2 Acedo,H (2366)-Luzardo
Alvarez,J (2304)/Argentina 1998/Corr 2002 (35)}) 7. Be2 ({White can
temporarily protect the pawn by} 7. Ba3 {but, it obstructs the queenside
knight.} f5 $5 8. exd4 exd4 9. Be2 Nf6 10. O-O Be7 11. d3 O-O 12. Nbd2 Nd7 $11)
7... Bxc5 {Actually, I could wait with this move.} (7... Nh6 8. Na3 (8. exd4 e4
9. d5 exf3 10. dxc6 fxg2 11. Rg1 bxc6 $15 {[%cal Gh6f5,Gf5d4]}) (8. O-O Bxc5
$11) 8... Bxc5 9. exd4 Bxd4 10. Rb1 O-O 11. Nc2 Nf5 12. d3 Bc5 $15 {0-1
Vorobjov,D (2256)-Zacurdajev,M (2400)/Peterhof 2008/CBM 125 Extra (35)}) 8. Ba3
Qe7 $6 {The problems started from this point already.} (8... b6 9. exd4 Bxd4 $1
(9... Nxd4 10. Nxd4 Qxd4 11. Bxc5 bxc5 12. Nc3 $14) 10. Nc3 Nge7 11. O-O O-O
12. Rad1 Be6 $11) 9. Bxc5 Qxc5 10. exd4 exd4 $2 {It's, obviously, far more
logical to keep the blockading d4-square for the piece, but I was eager to rob
the white knight of its natural developing c3-square. This consideration was
clearly wrong.} (10... Nxd4 11. Nxd4 Qxd4 12. Nc3 Ne7 13. O-O ({Or} 13. Qa3 Bf5
14. O-O Qd7 15. Bh5+ g6 16. Bf3 O-O) 13... O-O 14. Bf3 Kh8 {In both cases
Black manages to finish his development and get a decent position.}) 11. Qb5
$16 Qd6 ({I didn't see any decent compensation for the pawn after} 11... Qxb5
12. cxb5 Nb4 13. Nxd4 {,though it might be the lesser evil.}) 12. c5 Qd5 {
My queen is getting kicked everywhere.} 13. O-O {Now the best move for Black
would have been to put the Pf6 back to f7!} a6 (13... Nge7 14. Na3 {also bad
for Black.}) 14. Qb6 Nge7 15. Na3 d3 16. Bd1 Qd8 17. Nc4 $6 {I considered a
queen swap to be a certain relief for me and was more concerned about 17.Qb3.}
(17. Qb3 Na5 (17... Qd5 18. Qc3 $18 {[%cal Gd1b3]}) 18. Qc3 O-O 19. Re1 Nec6
20. Re3 {[%csl Rd3] winning a pawn and keeping an overwhelming position.} ({
The alternative} 20. Nc4 Nxc4 21. Qxc4+ Kh8 22. Rb1 {is attractive for White
as well.})) 17... Qxb6 18. Nxb6 Rb8 19. Re1 Bg4 20. Bb3 $2 {This prevents
Black's castling, but allows him to spoil the pawn structure for good.} (20.
Rb1 O-O 21. h3 Bxf3 22. Bxf3 Rfd8 23. Nc4 $16) 20... Bxf3 21. gxf3 Ne5 {
Now at least one of my pieces is well placed. So well that my opponent was
ready to go for the exchange sacrifice that now follows.} 22. f4 $2 {Pushing
too hard for a win.} ({Black holds his own after the normal:} 22. Kg2 g5 23. h4
h6 24. hxg5 (24. Nc4 N7g6) (24. h5 Rh7 25. Nc4 N7c6) 24... hxg5 25. Rh1 Rh4 26.
Rxh4 gxh4 27. f4 N5g6 28. Kf3 Rd8) 22... Nf3+ 23. Kg2 Nxe1+ 24. Rxe1 {Now I am
a full exchange up, but the coordination of my pieces can really be criticised.
} Rd8 $2 (24... Kd8 $1 25. Re3 Nf5 26. Rxd3+ Kc7 27. Rd7+ (27. Be6 g6 28. Nd5+
Kc6 29. Nxf6 Rhd8 $15) 27... Kc6 28. d4 {I calculated until this point,
thought that my king is in grave danger and stopped here. Actually, after} Nxd4
$1 29. Rxd4 Kxc5 {[%csl Rb6,Rd4] the black king emerges a winner!}) 25. Bd5 {
Now White is on top again.} a5 26. Re3 (26. Bxb7 Kf7 27. Nc4 (27. c6 Nd5 28.
Nxd5 Rxd5 29. Rc1 Rb5 $11) 27... Ng6 (27... Nd5 $2 28. Nd6+ Rxd6 29. cxd6 Nxf4+
30. Kf3 Ne2 31. Bd5+ Kg6 32. Bc4 $16 {[%csl Rd3]}) 28. Kg3 Rhe8 29. Nd6+ Rxd6
30. Rxe8 Kxe8 31. cxd6 Kd7 32. Be4 Nf8 (32... Kxd6 $2 33. Bxg6 $1 hxg6 34. Kf3
Kc5 35. Ke4 Kb4 (35... Kc4 36. a4 $1 $18) 36. Kxd3 Ka3 37. Kc3 Kxa2 38. d4 a4
39. d5 a3 40. Kc2 $18) 33. Bxd3 Kxd6 {I believe Black can hold this ending.
Sooner or later the knight will attack some pawns.}) 26... Kf8 27. Bxb7 Nf5 28.
Re4 Rd4 29. Bd5 $2 {This mistake turns the tables, at least from a practical
point of view.} (29. f3 $1 {Now Black can't swap rooks in a comfortable way.}
Rb4 (29... Kf7 30. Bd5+ Rxd5 31. Nxd5 Rc8 32. Rc4 $16) 30. Nd7+ Kf7 31. Bd5+
Kg6 32. Rxb4 axb4 33. Be4 {The pin will cost Black a knight.} Rc8 34. Kf2 Rc7
35. c6 Kh6 36. Bxf5 Rxc6 37. Ke3 Ra6 38. Nc5 Rxa2 39. Bxd3 {and White should
win.}) 29... Rxe4 30. Bxe4 Nd4 31. c6 Ne6 32. Nd5 (32. Bf5 Nc7 33. Kf3 {
was a better try. But, anyway, Black is already better, the only question is
whether he can win or not.}) 32... Kf7 33. Bxd3 Rc8 34. f5 (34. Bb5 Nd4 35. Nb6
Rc7 36. a4 Nxc6 $1 37. Nd5 Rc8 38. Nb6 Rd8 $1 39. Bxc6 Rd6 40. Bd5+ Kf8 $1 $19)
34... Nc7 35. Nb6 Rd8 36. Nd7 {Here Robert offered a draw, but it's already
too late.} Ke7 {In mutual time trouble I managed to realise that my position
is already winning. I have a safe blockade on the dark squares. Meanwhile, all
White's pawns are vulnerable.} 37. Be4 Kd6 38. a4 Na6 39. d4 Nb8 40. Nb6 (40.
Nc5 Re8 $19) 40... Nxc6 41. Nc4+ Kc7 42. d5 (42. Bxc6 Kxc6 43. Nxa5+ Kd5 {
is lost for White as all his pawns are weak.}) 42... Ne7 43. Nxa5 (43. d6+ Rxd6
44. Nxd6 Kxd6 $19 {[%csl Ra4,Rf5] leads to an endgame which is very easy to
handle as Black.}) 43... Nxd5 {The rest is easy.} 44. Bc2 Nb6 45. Kf3 Rd4 46.
Nb3 Rxa4 47. Nc5 Ra3+ 48. Kg2 Nd5 49. Ne6+ Kd6 50. Be4 g5 {An irrational game
with a lot of mistakes where "lady luck" was on my side.} 0-1

[Event "Sautron op 18th"]
[Site "Sautron "]
[Date "2018.10.26"]
[Round "7.4"]
[White "Colin, Vincent"]
[Black "Prie, Eric"]
[Result "1/2-1/2"]
[WhiteElo "2382"]
[BlackElo "2482"]
[Annotator "Primel,D"]
[PlyCount "76"]
[EventDate "2018.10.20"]
[EventType "swiss"]
[EventRounds "9"]
[EventCountry "FRA"]
[SourceTitle "EXT 2021"]
[Source "ChessBase"]
[SourceDate "2020.10.23"]
[SourceVersion "1"]
[SourceVersionDate "2020.10.23"]
[SourceQuality "1"]
[TimeControl "40/5400+30:1800+30"]
[WhiteClock "0:00:37"]
[BlackClock "0:10:16"]

1. Nf3 {[%emt 0:00:00]} d5 {[%emt 0:00:00]} 2. c4 {[%emt 0:00:44]} d4 {[%emt 0:
01:00] La ligne critique} 3. e4 $6 {[%emt 0:03:52]} (3. g3 $142) (3. b4 $142) (
3. e3 $142) 3... Nc6 {[%emt 0:00:10]} 4. d3 {[%emt 0:00:09]} e5 {[%emt 0:00:09]
} 5. g3 {[%emt 0:00:15]} (5. Be2 Be7 6. O-O a5 7. Ne1 Nf6 8. f4 exf4 9. Bxf4
Nd7 10. Bg4 O-O 11. Na3 Nde5 12. Bxc8 Rxc8 13. Nac2 Qd7 14. Qh5 g6 15. Qe2 f6
16. Nf3 Rf7 17. Nxe5 fxe5 18. Bh6 Nd8 19. Bd2 b6 20. b3 Bf6 21. Rf2 Bg7 22.
Raf1 Rxf2 23. Rxf2 Ne6 24. Qg4 Re8 25. h4 Nc5 26. Qxd7 Nxd7 27. Kf1 Bf6 28. g3
Kg7 29. Ke2 Be7 30. Rf1 h6 31. Ra1 Rh8 32. Rh1 Nc5 33. Ne1 Na6 34. Nf3 Bd6 {
Sadovsky,A (2416)-Demidov,M (2534) Moscow 2017 1/2-1/2 (72)}) 5... Be7 {
[%emt 0:07:03]} 6. Bg2 {[%emt 0:01:12]} h5 $1 {[%emt 0:00:41]} 7. h4 $146 {
[%emt 0:00:54]} (7. h3 Be6 8. Na3 h4 9. g4 g5 10. Nc2 a5 11. Bd2 f6 12. O-O Nh6
13. Nfe1 Nf7 14. b3 O-O 15. a3 Nb8 16. b4 b5 17. c5 axb4 18. axb4 Nc6 19. Na3
Qb8 20. Qb1 Qb7 21. Bf3 Ra7 22. Nec2 Rfa8 23. Rc1 Nfd8 24. Qb2 Ra4 25. Ne1 Qa6
26. Nac2 Ba2 27. Bd1 Kg7 28. Ng2 Ne6 29. Nce1 Ra3 30. Kf1 Nf8 31. Ke2 Nd7 32.
Kf1 Ndb8 33. Ke2 Be6 34. Nc2 Ra2 35. Rxa2 Qxa2 36. Qxa2 Rxa2 {Malich,B-Zinn,L
Gera 1962 0-1}) 7... Nf6 {[%emt 0:07:05]} 8. Na3 {[%emt 0:10:34]} Bg4 $132 {
[%emt 0:17:59]} 9. Nc2 {[%emt 0:02:17]} Nd7 {[%emt 0:03:59]} 10. Qd2 {[%emt 0:
05:03] Le signe que les Blancs ont raté l'ouverture} a5 {[%emt 0:05:41]} 11.
Ng5 {[%emt 0:06:05]} Nc5 $1 $15 {[%emt 0:01:56][%csl Gc5]} 12. f3 {[%emt 0:01:
17]} Bd7 {[%emt 0:01:52]} 13. O-O {[%emt 0:01:03]} f6 {[%emt 0:35:16] Il est
rarement bon de réflechir aussi longtemps sur une position et Eric va être
en zeitnot. Les anglais utilisent l'expression "long think bad thing" pour
illustrer les défauts de réflechir trop longtemps au risque d'une analyse
confuse et d'une indécision.} 14. Nh3 {[%emt 0:00:45]} Be6 {[%emt 0:00:54]}
15. f4 {[%emt 0:13:30]} Qd7 {[%emt 0:00:07]} 16. Kh2 {[%emt 0:00:43]} g6 {
[%emt 0:03:56] Joué rapidement alors que la prise ef4 méritait une analyse
plus approfondie} (16... exf4 $1 17. Nxf4 g5 18. Nxe6 Nxe6 19. hxg5 fxg5 $17 {
[%cal Gh5h4,Gh8h2]}) 17. b3 {[%emt 0:03:59]} Bg4 {[%emt 0:00:33]} 18. Bb2 {
[%emt 0:01:43]} O-O-O {[%emt 0:02:10] Les Noirs n'ont plus que 8 mns pour
passer le contrôle de temps} 19. fxe5 {[%emt 0:03:56]} fxe5 {[%emt 0:00:12]}
20. Rf2 {[%emt 0:00:58]} g5 $1 {[%emt 0:01:04]} 21. Nxg5 {[%emt 0:03:46]} Bxg5
{[%emt 0:00:03]} 22. hxg5 {[%emt 0:00:09]} h4 $44 {[%emt 0:00:06]} 23. gxh4 {
[%emt 0:00:07]} Qh7 {[%emt 0:00:23] Joué à tempo alors que la prise de la R
pouvait peut-être permettre de jouer une batterie d'Alekhine} (23... Rxh4+ 24.
Kg1 Rdh8 25. Raf1 {[%cal Gf2f8]} Qg7 26. Rf7 Qh6 27. R1f6 Rh1+ 28. Kf2 Qh4#)
24. Rh1 {[%emt 0:00:05]} Qxh4+ {[%emt 0:00:09]} 25. Kg1 {[%emt 0:00:08]} Qg3 {
[%emt 0:00:08]} 26. Rxh8 {[%emt 0:02:47]} Rxh8 {[%emt 0:00:08]} 27. Ne1 {
[%emt 0:00:13]} Ne6 {[%emt 0:03:02]} 28. Rf6 {[%emt 0:19:03]} Nf4 {[%emt 0:00:
54]} 29. Rh6 {[%emt 0:00:08]} Rf8 {[%emt 0:01:40]} 30. Rf6 {[%emt 0:02:30]} Rg8
{[%emt 0:03:40]} 31. Bc1 {[%emt 0:03:57]} Ne2+ {[%emt 0:01:37]} (31... Nh3+ $5
32. Kf1 Nb4 $40 {[%csl Rf1] Ramène une pièce de plus en attaque}) 32. Kf1 {
[%emt 0:00:22]} Nb4 {[%emt 0:01:21]} 33. a3 {[%emt 0:04:45]} Qh2 $2 {[%emt 0:
00:05]} (33... Nxc1 34. Qxc1 Nxd3 35. Nxd3 Qxd3+ {[%csl Rf1]} 36. Kg1 {Et le K
Blanc reste exposé contrairement à celui des Noirs}) 34. Nf3 {[%emt 0:00:16]}
Ng3+ {[%emt 0:01:17]} 35. Kf2 {[%emt 0:01:12]} Nh1+ {[%emt 0:00:19]} 36. Kf1 {
[%emt 0:00:06]} Ng3+ {[%emt 0:00:36]} 37. Kf2 {[%emt 0:00:06]} Nh1+ {[%emt 0:
00:34]} 38. Kf1 {[%emt 0:00:05]} Ng3+ {[%emt 0:00:34]} 1/2-1/2

[Event "SUI-chT"]
[Site "Switzerland"]
[Date "2015.10.10"]
[Round "8.1"]
[White "Sermier, Guillaume"]
[Black "Prusikin, Michael"]
[Result "0-1"]
[WhiteElo "2400"]
[BlackElo "2547"]
[Annotator "Prusikin,M"]
[PlyCount "112"]
[EventDate "2015.03.29"]
[EventType "team-tourn"]
[EventRounds "9"]
[EventCountry "SUI"]
[SourceTitle "EXT 2017"]
[Source "ChessBase"]
[SourceDate "2016.10.25"]
[SourceVersion "1"]
[SourceVersionDate "2016.10.25"]
[SourceQuality "1"]
[WhiteTeam "Neuchatel"]
[BlackTeam "Wollishofen"]
[WhiteTeamCountry "SUI"]
[BlackTeamCountry "SUI"]

1. Nf3 Nf6 2. c4 e6 3. g3 d5 4. Bg2 d4 5. d3 c5 6. O-O Nc6 7. e3 Bd6 8. exd4
cxd4 9. Na3 O-O 10. Nc2 e5 11. b4 Re8 12. Re1 h6 {'N!?'} (12... a6 13. Bg5 (13.
a4 Bf5 14. c5 Bf8 15. Bb2 Qc7 16. Qd2 h6 17. Rac1 Bh7 18. Bh1 Rad8 19. b5 axb5
20. axb5 Na5 21. b6 Qxc5 22. Rxe5 Rxe5 23. Na1 Qb5 {0-1 (23) Jenkins,
R-Schuller,J (2376) ICCF email 2011}) 13... Bf5 14. Nh4 Bd7 $13) 13. b5 (13. c5
$1 Bc7 14. b5 Na5 15. Nb4 $14) 13... Na5 (13... Nb8 $1 14. Ba3 Bxa3 15. Nxa3
Nbd7 $11) 14. Bd2 {'?!' Diagramm [#]} (14. Ba3 $1 $14) 14... a6 {'!'} 15. Bxa5
Qxa5 16. a4 Qc7 (16... Qc3 $5) (16... Bf5 $1 $17) 17. Qe2 Bf5 (17... Bg4 $5)
18. Nd2 Rad8 19. Ne4 (19. Rab1 a5 (19... e4 $5) 20. b6 Qc8 21. Ne4 Nxe4 22.
Bxe4 Bxe4 23. Qxe4 Bc5 $15) 19... Nxe4 20. Bxe4 Bxe4 21. Qxe4 Qc8 (21... a5 $1)
22. g4 {'?!'} (22. bxa6 bxa6 23. Rab1 f5 24. Qb7 Bc5 25. Qxc8 Rxc8 26. Nb4 a5
27. Nd5 e4 $11) 22... Re6 23. h3 Rg6 24. Kh1 h5 25. f3 Rf6 26. Rg1 Rf4 27. Qe2
f5 {'?!'} (27... Qe6 $17) 28. Raf1 Rf8 {'?!'} 29. gxh5 {'=!'} Rh4 30. Rg6 {'!'}
f4 {'!'} 31. Qg2 Rf7 {'??' Zum ersten Mal im Leben den zweiten Zug vor dem
ersten gemacht!} 32. Kg1 {'??'} Rxh3 {'=/+'} 33. h6 Rg3 {'!'} 34. Rxg3 fxg3 35.
Qxg3 Qe6 36. h7+ Kxh7 {'(+)?!'} (36... Kh8 $1 $17) 37. Rf2 (37. Qg4 $11) 37...
Kg8 38. Qg4 Qh6 (38... Qxg4+ 39. fxg4 e4 $1 40. Rxf7 Kxf7 41. Kf1 exd3 42. Nxd4
Kf6 43. Nf3 Bg3 44. bxa6 bxa6 45. Nd4 Bf4 46. Nc6 Bd2 47. Nd4 Bb4 48. Nf3 Ke6
49. Kf2 $11) 39. Kf1 {'?'} (39. bxa6 bxa6 40. Qe4 $11) 39... Rf4 {'?!'} (39...
Be7 $15) 40. Qc8+ Kh7 (40... Bf8 $6 41. Qxb7 Rh4 42. f4 $14) 41. c5 {'?'} (41.
Ke2 axb5 42. axb5 b6 $15) 41... Rh4 {'?'} (41... Qh1+ 42. Ke2 Be7 43. Qe8 Bh4
44. Qh5+ Kg8 45. Ne1 Qg1 46. Rf1 Qe3+ 47. Kd1 Bxe1 48. Qe8+ Rf8 49. Qe6+ Rf7
50. Qe8+ Kh7 51. Rh1+ Kg6 52. Qe6+ Kg5 53. f4+ exf4 54. Rxe1 Qxe6 55. Rxe6 axb5
56. axb5 Kh4 $19) 42. Rg2 {'?' Diagramm [#]} (42. Qf5+ $1 Kg8 43. f4 $1 $11)
42... Qc1+ 43. Kf2 (43. Ne1 Rh1+ 44. Rg1 Rxg1+ 45. Kxg1 Qxe1+ $19) 43... Qd2+
44. Kg3 (44. Kg1 Qxd3 $3 (44... Qxc2) (44... Qc1+ 45. Kf2 Qxc2+ 46. Kg3 e4+ 47.
Kxh4 Qxg2 48. cxd6 Qf2+ 49. Kg5 Qg3+ (49... Qe3+ 50. f4 exd3 51. Qf5+) 50. Qg4
Qe5+ 51. Qf5+ Qxf5+ 52. Kxf5 exf3 53. d7 f2 54. d8=Q f1=Q+ 55. Ke5 axb5 56.
axb5) 45. cxd6 Qxf3 $3 46. d7 Rh3 $19 (46... Qd1+ 47. Kf2 Rf4+ 48. Kg3 Qh5 $19)
) 44... Qf4+ 45. Kf2 Qd2+ 46. Kg3 e4+ {'!'} 47. cxd6 (47. Kxh4 Qh6+ 48. Kg4
Qg6+ 49. Kh4 Be7+ 50. Kh3 (50. Rg5) 50... Qh5+ 51. Kg3 Qh4#) 47... Qf4+ 48. Kf2
Qxf3+ 49. Kg1 Qd1+ 50. Kf2 Qd2+ 51. Kg1 Qc1+ 52. Kf2 Rf4+ 53. Kg3 (53. Ke2 Qf1+
54. Kd2 Qxg2+ $19) 53... Rf3+ 54. Kh2 Qf4+ 55. Kh1 Rf1+ 56. Rg1 Qf3+ 0-1